Wird geladen...

Patha onnu palam rande /

Bibliographische Detailangaben
1. Verfasser: G S Pilla
Format: Printed Book
Sprache:Malayalam
Veröffentlicht: Thiruvananthapuram: Prabhatham, 2016.
Schlagworte:
LEADER 00556 a2200157 4500
008 170727b xxu||||| |||| 00| 0 mal d
999 |c 114810  |d 114810 
020 |a 9788177054552 
082 |a 853.4G7 
100 |a G S Pilla. 
245 |a Patha onnu palam rande /  |c G S Pilla. 
260 |b Prabhatham,  |c 2016.  |a Thiruvananthapuram: 
300 |a 164p.  |c 21 cm. 
650 |a Malayalam fiction 
942 |2 ddc  |c BK 
952 |0 0  |1 0  |4 0  |6 853_000000000000000_4G7_PAT_M  |7 0  |9 122301  |a UL  |b UL  |c ST1  |d 2017-04-20  |e 176  |g 94.50  |l 8  |m 4  |o 853.4G7 PAT M  |p 96368  |r 2021-12-03  |s 2021-11-05  |v 135.00  |y BK